000 01349cam a22002418i 4500
001 21578314
005 20260120061412.0
008 200623s2020 enk b 001 0 eng
010 _a 2020027400
020 _a9781108486927
_q(hbk.)
082 _a333.339 SIN
100 1 _aSingh, Shashi Ratnaker
245 1 0 _aLand acquisition and resource development in contemporary India /
_cShashi Ratnaker Singh.
264 1 _aCambridge :
_bCambridge University Press,
_c2020.
300 _axx, 268 p. ;
_c24 cm.
365 _bRs. 995.00
505 _aList of figures; List of maps; List of tables; List of abbreviations; Foreword; Acknowledgements; Part I: 1. Introduction: from colonial regime to 'welfare state' 2. State, space and people 3. Land, mines and minerals 4. Land acquisition and resource development in India 5. Resource development and compensation issues Part II: 6. Singrauli: a 'space' of dependence 7. Singrauli: a development dilemma 8. Administering Singrauli: governance and institutions 9. Land acquisition in the contemporary Singrauli: reflections from the field Part III: 10. Understanding development 11. Conclusion Index.
650 0 _aNatural resources
_zIndia.
650 0 _aLand use
_zIndia.
650 0 _aRegional planning
_zIndia.
650 0 _aRural development
_zIndia.
942 _2ddc
_cBK
999 _c212030
_d212030